000 00727nam a2200229 4500
001 6093
010 _a9722611267
090 _a6093
100 _a20211231d1994 a||y0pory5003 ba
200 1 _aOs mais belos contos das mil e uma noites
_filustração de Dimitri Makhashvili
_gtradução de Carlos José Marques de Jesus
210 _aPorto
_cCivilização
_d1994
215 _a98p
_cil
_d30cm
225 2 _aGrandes Ilustradores da Escola Russa
_v4
300 _aobra repetida
606 _914
_aLiteratura infantil
606 _913
_aLiteratura Estrangeira
675 _a82-93
_vBN
_zpor
675 _a821.1/.8
_vBN
_zpor
702 _aMakhashvili
_bDimitri
_95803
801 0 _aPT
_bBMVN
_gRPC
830 _cAna Caetano
_d31/12/2021
990 _cLIVROS